All Empires of Algeria by Picture - Statistics

General Stats
  • This quiz has been taken 17 times
  • The average score is 8 of 16
Answer Stats
Picture Hint Answer % Correct
1516 – 1830 Ottoman Empire
100%
1962 – present People's Democratic Republic of Algeria
100%
46 BC – 435 Roman Empire
100%
1830 – 1962 French Colonial Empire
93%
534 – 647 Byzantine Empire
64%
750 – 787 Abbasid Caliphate
57%
647 – 750 Umayyad Caliphate
57%
909 – 972 Fatimid Caliphate
50%
202 BC – 46 BC Numidia
50%
1147 – 1242 Almohad Caliphate
29%
1060 – 1147 Almoravid Empire
21%
435 – 534 Vandal Kingdom
21%
972 – 1148 Zirid Dynasty
14%
1014 – 1152 Hammadid Dynasty
0%
777 – 909 Rustamid Imamate
0%
1235 – 1556 Zayyanid Kingdom
0%
No matching quizzes found
Score Distribution
Percent of People with Each Score
Percentile by Number Answered
Your Score History
You have not taken this quiz